000 00850nam a22003130a 4500
001 PT42157
003 AR-LpoUNG
005 20210201010325.0
008 201001s1998||||ag |||||||||||||||||spa d
020 _a9501113000
_c$2.50
040 _aAR-LpoUNG
_bspa
_eaacr
041 _aspa
044 _aag
082 0 _a808.068 3 487ave
100 1 _aLondon, Jack
245 1 0 _aClásicos de aventuras
260 _aBuenos Aires :
_bSigmar,
_c1998.
300 _a69 p. :
_btbls., gráfs.
_3Impreso
490 0 _aClásicos juveniles
505 0 _aSugerido a partir de 14 años (etiqueta VERDE)
650 4 _aCUENTOS
650 4 _aLITERATURA
651 4 _aDOCUMENTOS TEORICOS O METODOLOGICOS
653 _aLITERATURA INFANTOJUVENIL
700 1 _aCrane, Stephen
700 1 _aSarmiento, Domingo Faustino
905 _a42157
942 _cLIB
999 _c50902
_d50902